000 01563cam a2200253 4500
001 ABS63270
008 000000n2000 000 0 eng u
035 _a(Sirsi) u110226
100 _aLing, Y
245 4 _aThe reasons why clients prefer to procure more projects based on design-bid-build than design-and-build
260 _c2000
490 _aJournal of Construction Procurement
_v6(2) November 2000, 135-146(12)
520 _aDesign-and-build (DB) projects are known to achieve better performance than design-bid-build (DBB) projects. However, the use of DB is still not widespread in many countries. A survey was carried out to find out why clients in Singapore, are not procuring more projects using DB. This survey was compared with a survey conducted among DB contractors in Singapore. It was found that clients did not procure more projects based on DB because they felt that they needed to bear more risks, DB projects do not have price certainty nor high quality and maintenance issues are not considered in DB projects; nor did the DB contractors agree with the clients' views. Therefore, the article concludes, contractors should try to convince the clients of the price certainty, the high quality of DB projects and the level of maintenance considered in DB projects.
590 _aABS
650 _aDESIGN AND BUILD
650 _aDESIGN-BID-BUILD
650 _aSINGAPORE
650 _aCONTRACTORS
650 _aCLIENTS
690 _aBUILT ENVIRONMENT-CONSTRUCTION DESIGN
700 _aKhee, H
700 _aLim, K
942 _n0
999 _c65731
_d65731